<?xml version="1.0" encoding="UTF-8"?>
<marc:record xmlns:marc="http://www.loc.gov/MARC21/slim">
   <marc:leader>00000nam a2200000 a 4500</marc:leader>
   <marc:datafield ind1="1" ind2=" " tag="100">
      <marc:subfield code="a">Bannalec, Jean-Luc</marc:subfield>
      <marc:subfield code="4">pht</marc:subfield>
      <marc:subfield code="e">Fotograf/-in</marc:subfield>
   </marc:datafield>
   <marc:datafield ind1=" " ind2=" " tag="653">
      <marc:subfield code="a">Softcover / Reisen/Reiseberichte</marc:subfield>
   </marc:datafield>
   <marc:datafield ind1=" " ind2=" " tag="653">
      <marc:subfield code="a">Reiseerzählungen</marc:subfield>
   </marc:datafield>
   <marc:datafield ind1=" " ind2=" " tag="653">
      <marc:subfield code="a">Bildband</marc:subfield>
   </marc:datafield>
   <marc:datafield ind1="0" ind2="0" tag="245">
      <marc:subfield code="a">Magische Bretagne</marc:subfield>
   </marc:datafield>
   <marc:datafield ind1="0" ind2="0" tag="245">
      <marc:subfield code="b">Kommissar Dupins Landschaften</marc:subfield>
   </marc:datafield>
   <marc:datafield ind1="0" ind2="0" tag="245">
      <marc:subfield code="c">Fotos und Texte von Jean-Luc Bannalec</marc:subfield>
   </marc:datafield>
   <marc:datafield ind1=" " ind2="1" tag="264">
      <marc:subfield code="a">Köln</marc:subfield>
      <marc:subfield code="b">Kiepenheuer &amp; Witsch</marc:subfield>
      <marc:subfield code="c">2019</marc:subfield>
   </marc:datafield>
   <marc:datafield ind1=" " ind2=" " tag="250">
      <marc:subfield code="a">1. Auflage</marc:subfield>
   </marc:datafield>
   <marc:datafield ind1="1" ind2=" " tag="520">
      <marc:subfield code="a">Angaben aus der Verlagsmeldung

Magische Bretagne - Dupins Landschaften Bannalec, Magische Bretagne - Dupins Landschaften / von Jean-Luc Bannalec

Die Landschaften der Bretagne sind so abwechslungsreich wie atemberaubend; in den Millionen-Bestsellern der Kommissar-Dupin-Reihe spielen sie deshalb eine bedeutende Rolle. Dieser hochwertig ausgestattete Bildband von Jean-Luc Bannalec fängt ihre Magie ein. Zahlreiche Gegenden der Bretagne hat der kauzige Kommissar Georges Dupin seit seiner Versetzung ans Ende der Welt besucht: Die mythischen Monts d´Arrée, bizarre Heide- und Moorlandschaften, mächtige, zerklüftete Klippen, an denen sich der Atlantik bricht, und mediterrane Traumstrände aus glänzendem Korallensand. Er ermittelt inmitten fantastischer rosa Felsformationen, verwunschener Täler, friedlicher Flusslandschaften und im märchenhaften Wald der Brocéliande. So unterschiedlich und vielfältig die Bretagne auch ist, ihre atemberaubende Schönheit verdankt sie allerorten dem besonderen Licht und den Farben. Davon zeugen die Fotografien in diesem Band, die zum Träumen und Staunen einladen.
</marc:subfield>
   </marc:datafield>
   <marc:datafield ind1=" " ind2=" " tag="020">
      <marc:subfield code="a">9783462052978</marc:subfield>
      <marc:subfield code="9">9783462052978</marc:subfield>
   </marc:datafield>
   <marc:datafield ind1=" " ind2=" " tag="020">
      <marc:subfield code="a">3462052977</marc:subfield>
      <marc:subfield code="9">3462052977</marc:subfield>
   </marc:datafield>
   <marc:datafield ind1=" " ind2=" " tag="041">
      <marc:subfield code="a">ger</marc:subfield>
   </marc:datafield>
   <marc:datafield ind1=" " ind2=" " tag="300">
      <marc:subfield code="a">99 Seiten</marc:subfield>
   </marc:datafield>
</marc:record>
